My very first book of numbers (Record no. 117081)

MARC details
000 -LÍDER
campo de controle de tamanho fixo 00957 a2200337 4500
001 - NÚMERO DE CONTROLE
campo de controle 117081
020 ## - ISBN - INTERNATIONAL STANDARD BOOK NUMBER
ISBN - International Standard Book Number 039924509X (board)
020 ## - ISBN - INTERNATIONAL STANDARD BOOK NUMBER
ISBN - International Standard Book Number 9780399245091 (board)
041 ## - CÓDIGO DE IDIOMA
Código do idioma do texto/trilha sonora ou título diferente eng
082 ## - CDD - CLASSIFICAÇÃO DECIMAL DE DEWEY
Número de Classificação 513
040 ## - FONTE DA CATALOGAÇÃO
Instituição da catalogação original BKX
Instituição que transcreveu o registro BKX
Instituição que modificou o registro BKX
050 ## - NÚMERO DE CONTROLE DA LIBRARY OF CONGRESS
Número de Classificação QA113
Número do exemplar .C375 2006
090 ## - NÚMERO DE CHAMADA LOCAL
Número de chamada (OCLC) (R); Número de chamada, CALL (RLIN) (NR) A Toddler 513
Número Cutter local (OCLC); Número de classificação do livro, CALL (RLIN) CAR
100 ## - ENTRADA PRINCIPAL--NOME PESSOAL
Nome pessoal Carle, Eric
246 ## - FORMA VARIANTE DO TÍTULO
Título/título abreviado Book of numbers
250 ## - EDIÇÃO
Edição 1st board bk. ed.
260 ## - PUBLICAÇÃO, DISTRIBUIÇÃO, ETC.
Data da publicação, distribuição, etc. 2006
245 10 - TÍTULO
Título My very first book of numbers
Indicação de responsabilidade, etc. Eric Carle
300 ## - DESCRIÇÃO FÍSICA
Extensão 1 volume (unpaged)
Outros detalhes físicos color illustrations
Dimensões 18 cm
338 ## - TIPO DE TRANSPORTADORA
Fonte rdacarrier
Termo do tipo de operadora volume
Código do tipo de operadora volume
490 ## - TÍTULO DA SÉRIE
Título da série My very first library
520 ## - NOTA DE RESUMO, ETC
Resumo, etc. Upper and lower halves of divided pages can be turned separately, to match numbers with pictures
596 ## -
-- 31
697 ## - ENTRADA DE ASSUNTO LOCAL--ENTIDADE COLETIVA (RLIN)
Nome corporativo ou nome da jurisdição Number concept
697 ## - ENTRADA DE ASSUNTO LOCAL--ENTIDADE COLETIVA (RLIN)
Nome corporativo ou nome da jurisdição Juvenile literature
697 ## - ENTRADA DE ASSUNTO LOCAL--ENTIDADE COLETIVA (RLIN)
Nome corporativo ou nome da jurisdição Counting
697 ## - ENTRADA DE ASSUNTO LOCAL--ENTIDADE COLETIVA (RLIN)
Nome corporativo ou nome da jurisdição Picture puzzles
697 ## - ENTRADA DE ASSUNTO LOCAL--ENTIDADE COLETIVA (RLIN)
Nome corporativo ou nome da jurisdição Toy and movable book.
856 ## - LOCALIZAÇÃO ELETRÔNICA E ACESSO
Uniform Resource Identifier <a href="000028/00002891.jpg">000028/00002891.jpg</a>
942 ## - ELEMENTOS DE ENTRADA ADICIONADOS (KOHA)
Tipo de material Koha Livros
Holdings
Situação do descarte Situação das perdas Fonte da classificação ou esquema de arquivamento na estante Situação física Não pode ser emprestado Biblioteca de origem Biblioteca atual Data de aquisição Total de empréstimos Número de chamada completo Código de barras Data de último acesso Data do preço efetivo Tipo de material Koha
    Classificação Decimal de Dewey     ECB - SUDOESTE ECB - SUDOESTE 01/03/2021   Toddler 513 CAR 00053583SSW 23/01/2024 23/01/2024 Livros
    Classificação Decimal de Dewey     ECB - SUDOESTE ECB - SUDOESTE 01/03/2021   Toddler 513 CAR 00053584SSW 23/01/2024 23/01/2024 Livros
    Classificação Decimal de Dewey     ECB - SUDOESTE ECB - SUDOESTE 01/03/2021   Toddler 513 CAR 00053585SSW 23/01/2024 23/01/2024 Livros
    Classificação Decimal de Dewey     ECB - ÁGUAS CLARAS ECB - ÁGUAS CLARAS 26/02/2021   A Toddler 513 CAR 00053502AGC 28/02/2024 23/01/2024 Livros
    Classificação Decimal de Dewey     ECB - ÁGUAS CLARAS ECB - ÁGUAS CLARAS 26/02/2021   A Toddler 513 CAR 00053503AGC 23/01/2024 23/01/2024 Livros